000 00713cad a22002055a 4500
001 L160058
008 150226s2018 xxk f 000 0 eng d
035 _a(Sirsi) u160058
041 0 _aeng
100 1 _aBranson, Adam
245 0 0 _aThat shrinking feeling
260 _c2018
490 _aModus
_vMay 2018, 22-24(3)
520 _aDiscusses what is next for the traditional office provider, new that their far more agile and flexible occupiers are discovering they can employ the same amount of people in far less space.
590 _aKA
650 2 4 _aOCCUPIERS NEEDS
650 2 4 _aPROPERTY-COMMERCIAL PROPERTY-OFFICE PROPERTY-OFFICE PROPERTY MARKET
690 _aCommercial property
_96227
942 _n0
999 _c85167
_d85167